Liedtext Another Love - Tom Odell - Statistiken

Allgemein
  • Dieses Quiz wurde 332 mal gespielt
  • Das Durchschnittsergebnis liegt bei 9 aus 15
Antwortstatistiken
Songtext Fehlende Textwörter % Korrekt
On another love, another loveAll my tears have been used up On another love, another love
88%
But all my tears have been used upOn another love, another love
88%
And I wanna kiss you, make you feel alrightI'm just so tired to share my nights I wanna cry and I wanna love But all my tears have been used up
87%
I wanna take you somewhere so you know I careBut it's so cold and I don't know where
87%
But my hands been broken one too many timesSo I'll use my voice, I'll be so fucking rude
85%
All my tears have been used upOn another love, another love All my tears have been used up, up And if somebody hurts you, I wanna fight
85%
I brought you daffodils in a pretty stringBut they won't flower like they did last spring
80%
And I wanna cry, I wanna fall in love
77%
All my tears have been used upOn another love, another love All my tears have been used up On another love, another love All my tears have been used up, up
58%
But I sang 'em all to another heartAnd I wanna cry, I wanna learn to love
38%
Words they always win, but I know I'll loseAnd I'd sing a song, that'd be just ours
32%
, that'd be just ours But I sang 'em all to another heart
24%
But all my tears have been used upOn another love, another love All my tears have been used up On another love, another love
17%
All my tears have been used upOn another love, another love All my tears have been used up, up
16%
Oh, need a love, nowMy heart is thinking of I wanna sing a song
14%
Keine übereinstimmenden Quizze gefunden
Verteilung der Resultate
Anzahl Personen mit jedem Resultat
Perzentil nach korrekt beantworteten Fragen
Ihre Resultats-Entwicklung
Sie haben dieses Quiz noch nicht gespielt